00464nam a22001692 4500001001100000005001700011008004100028020001700069040001600086245005200102250001400154260003900168300002900207650002500236700003000261852000300291000002491020151217152307.0140325s xx 000 0 eng d a0470587867 : aKABUcKABUl14aThe Minister's manual /cedited by Lee McGlone. a2011 ed. aDanvers, MA :bJossey-Bass,c2011. avi, 418 p. +e1 CD-ROM. 0aSermons.@00001495791 aMcGlone, Lee.@00001851861